Board Game Geek Quiz - Statistics

General Stats
  • This quiz has been taken 37 times
  • The average score is 6 of 15
Answer Stats
Hint Designer Answer % Correct
Card drafting game around the seven wonders of the ancient world Antoine Bauza 7 Wonders
73%
Trade brick, lumber, wool, grain and ore to grow your settlement Klaus Teuber The Settlers of Catan
70%
Build railway routes across the land Alan R. Moon Ticket to Ride
70%
Conquer the world by endless dice rolls Albert Lamorisse and Michael I. Levin Risk
64%
Named after a medieval town in France, famous for its city walls Klaus-Jürgen Wrede Carcassonne
58%
Grandfather of the collectible card game Richard Garfield Magic: the Gathering
48%
Worker placement game with a farm theme in 14 rounds Uwe Rosenberg Agricola
45%
Enlarge your domain by building the right hand of cards Donald X. Vaccarino Dominion
42%
Make coins by planting fields of beans Uwe Rosenberg Bohnanza
33%
Players assume the roles of colonial governors on a Caribbean island Andreas Seyfarth Puerto Rico
27%
Named after the ruins of an Mayan city in the Guatemalan jungle Wolfgang Kramer and Michael Kiesling Tikal
27%
Guide your robot in a race through a dangerous factory floor Richard Garfield Roborally
18%
Gain status by going out first and fight for the title of 'The Great ...' Richard Garfield The Great Dalmuti
18%
Travel around with vehicules including troll wagons, dragons, magic clouds and elf cycles Alan R. Moon Elfenland
6%
Players constantly change roles, from the druid Drax to the assistant Gemalher Andreas Pelikan Witch's Brew
0%
No matching quizzes found
Score Distribution
Percent of People with Each Score
Percentile by Number Answered
Your Score History
You have not taken this quiz